| 000 | 00843nam a2200217 a 4500 | ||
|---|---|---|---|
| 005 | 20240629063750.0 | ||
| 008 | 991125s1996 es 000 0 spa u | ||
| 020 | _a8487330525 | ||
| 035 | _aUPN01000057708 | ||
| 049 | _aCG | ||
| 050 | 4 |
_aGV443 _bV54 |
|
| 100 | 1 | _aBailach Invernón, María José | |
| 245 | 1 | 0 |
_aUnidades didácticas para primaria V : _bdescubrimos el cuerpo; somos equilibristas, perdidas en el espacio y el tiempo / _cMaría José Bailach Invernón ... [et al.] ; il. Amparo Ortilles García. |
| 260 |
_aBarcelona, Esp. : _bINDE, _c1996. |
||
| 300 |
_a136 p. : _bil. |
||
| 440 | 0 | _aUnidades didácticas de aplicación | |
| 650 | 4 |
_aEducación física _xEstudio y enseñanza (Elemental) _zEspaña _913745 |
|
| 650 | 4 |
_aEDUCACION FISICA PARA NIÑOS _916252 |
|
| 650 | 4 |
_aExpresión corporal del niño _98777 |
|
| 905 | _aLibro | ||
| 999 |
_c57708 _d57708 |
||